000
00207nam a22000857a 4500
008
170208b xxu||||| |||| 00| 0 eng d
100
_9
2809
_a
Bharat Scouts
245
_a
Praver Scout
260
_a
New delhi
_b
SB
_c
2011
999
_c
6024
_d
6024